[Event "Kaluga Tsiolkovsky Memorial op"]
[Site "Kaluga"]
[Date "2016.08.10"]
[Round "5"]
[White "Kostin, Sergei Anatolievich"]
[Black "Moiseev, Alexandr A"]
[Result "1-0"]
[WhiteElo "2236"]
[BlackElo "2221"]
[PlyCount "101"]
[EventDate "2016.08.06"]
[EventType "swiss"]
[EventRounds "9"]
[EventCountry "RUS"]
[SourceTitle "CBM 174 Extra"]
[Source "ChessBase"]
[SourceDate "2016.10.10"]
[SourceVersion "1"]
[SourceVersionDate "2016.10.10"]
[SourceQuality "1"]

1. Nf3 Nf6 2. c4 e6 3. g3 d5 4. Bg2 Be7 5. d4 0-0 6. 0-0 c6 7. Qc2 b6 8. Rd1 Bb7 9. b3 c5 10. Bb2 Nc6 11. e3 Rc8 12. dxc5 bxc5 13. a3 Qb6 14. cxd5 exd5 15. Nbd2 Rfd8 16. Rac1 Na5 17. Bh3 Ra8 18. Be5 Nc6 19. Bxf6 Bxf6 20. Qxc5 Bb2 21. Qxb6 axb6 22. Rc2 Bxa3 23. Nd4 Nxd4 24. exd4 Bd6 25. Nf1 g6 26. Ne3 Ra5 27. Bg2 Rda8 28. f4 f5 29. Kf2 Kf7 30. Rb1 Ke6 31. Rbb2 Ba3 32. Rb1 Bd6 33. Re2 Ra2 34. Rbe1 Kd7 35. Nxd5 Bxd5 36. Bxd5 R8a5 37. Be6+ Kc6 38. Rc1+ Kb5 39. Rcc2 Rxc2 40. Rxc2 Ra7 41. Kf3 Re7 42. Bd5 h6 43. h4 g5 44. hxg5 hxg5 45. fxg5 Rg7 46. Rc6 Bf8 47. Rf6 Be7 48. Bc4+ Kb4 49. Rxb6+ Kc3 50. g6 Kxd4 51. Bf7 1-0

[Event "Kaluga Tsiolkovsky Memorial op"]
[Site "Kaluga"]
[Date "2016.08.08"]
[Round "3"]
[White "Kostin, Sergei Anatolievich"]
[Black "Kachulin, Sergey"]
[Result "1/2-1/2"]
[WhiteElo "2236"]
[BlackElo "1999"]
[PlyCount "64"]
[EventDate "2016.08.06"]
[EventType "swiss"]
[EventRounds "9"]
[EventCountry "RUS"]
[SourceTitle "CBM 174 Extra"]
[Source "ChessBase"]
[SourceDate "2016.10.10"]
[SourceVersion "1"]
[SourceVersionDate "2016.10.10"]
[SourceQuality "1"]

1. d4 Nf6 2. c4 e6 3. g3 Bb4+ 4. Bd2 Qe7 5. Bg2 Nc6 6. a3 Bxd2+ 7. Qxd2 a5 8. Nf3 d6 9. Nc3 0-0 10. 0-0 Bd7 11. e4 e5 12. d5 Nb8 13. Ne1 Na6 14. Nd3 Nc5 15. Nxc5 dxc5 16. f4 Ne8 17. f5 f6 18. h4 Nd6 19. Qd3 a4 20. Rf2 Kf7 21. Bf1 Ke8 22. Qe3 b6 23. Rb1 Qf7 24. Bd3 Ke7 25. g4 h6 26. Rbf1 Rh8 27. Rf3 Rag8 28. Kf2 g5 29. h5 Ra8 30. Kg2 Ra5 31. R3f2 Rha8 32. Rb1 Qe8 1/2-1/2

[Event "Kaluga Tsiolkovsky Memorial op"]
[Site "Kaluga"]
[Date "2014.08.08"]
[Round "7"]
[White "Kostin, Sergei Anatolievich"]
[Black "Petrov, Aleksandr1111"]
[Result "1-0"]
[WhiteElo "2321"]
[BlackElo "2126"]
[PlyCount "57"]
[EventDate "2014.08.02"]
[EventType "swiss"]
[EventRounds "8"]
[EventCountry "RUS"]
[SourceTitle "EXT 2023"]
[Source "ChessBase"]
[SourceDate "2022.10.05"]
[SourceVersion "1"]
[SourceVersionDate "2022.10.05"]
[SourceQuality "1"]

1. d4 Nf6 2. c4 g6 3. Nf3 Bg7 4. Nc3 0-0 5. Bg5 d6 6. e3 h6 7. Bh4 g5 8. Bg3 Nh5 9. Qc2 e6 10. Be2 Nd7 11. Nd2 Nxg3 12. hxg3 b6 13. Bf3 Rb8 14. g4 a6 15. Nb3 c5 16. Rd1 Qc7 17. Ne4 f5 18. gxf5 exf5 19. Ng3 Nf6 20. Nxf5 g4 21. Be2 Bxf5 22. Qxf5 Rbe8 23. Bxg4 Nxg4 24. Qxg4 Qf7 25. Qe2 h5 26. Rxh5 a5 27. a4 Qd7 28. dxc5 Qxa4 29. Qd3 1-0

[Event "Kaluga Tsiolkovsky Memorial op"]
[Site "Kaluga"]
[Date "2014.08.06"]
[Round "5"]
[White "Kostin, Sergei Anatolievich"]
[Black "Semin, Daniil"]
[Result "1-0"]
[WhiteElo "2321"]
[BlackElo "1967"]
[PlyCount "60"]
[EventDate "2014.08.02"]
[EventType "swiss"]
[EventRounds "8"]
[EventCountry "RUS"]
[SourceTitle "EXT 2023"]
[Source "ChessBase"]
[SourceDate "2022.10.05"]
[SourceVersion "1"]
[SourceVersionDate "2022.10.05"]
[SourceQuality "1"]

1. d4 Nf6 2. c4 g6 3. Nc3 d5 4. cxd5 Nxd5 5. e4 Nxc3 6. bxc3 Bg7 7. Be3 c5 8. Qd2 Qa5 9. Rc1 0-0 10. Nf3 Rd8 11. d5 Nd7 12. Be2 b6 13. 0-0 Ba6 14. c4 Qxd2 15. Nxd2 e5 16. g3 f5 17. f3 f4 18. Bf2 h5 19. Rc2 Bh6 20. Rb1 Rf8 21. Rb3 fxg3 22. hxg3 h4 23. g4 Bg5 24. Kg2 Kg7 25. Rb1 Rh8 26. Rh1 Nf6 27. Nf1 Ne8 28. Rc3 Nd6 29. Ne3 Raf8 30. Rh3 Rf7 1-0

[Event "Kaluga Tsiolkovsky Memorial op"]
[Site "Kaluga"]
[Date "2012.08.03"]
[Round "5"]
[White "Kostin, Sergei Anatolievich"]
[Black "Gavrilov, Alexei"]
[Result "0-1"]
[WhiteElo "2309"]
[BlackElo "2498"]
[PlyCount "56"]
[EventDate "2012.07.30"]
[EventType "swiss"]
[EventRounds "9"]
[EventCountry "RUS"]
[SourceTitle "EXT 2014"]
[Source "ChessBase"]
[SourceDate "2013.11.20"]
[SourceVersion "1"]
[SourceVersionDate "2013.11.20"]
[SourceQuality "1"]

1. d4 Nf6 2. c4 e6 3. Nf3 b6 4. a3 Ba6 5. Qc2 Bb7 6. Nc3 c5 7. e4 cxd4 8. Nxd4 Bc5 9. Nb3 Nc6 10. Bg5 h6 11. Bh4 Nd4 12. Nxd4 Bxd4 13. Bd3 Qb8 14. Bg3 Be5 15. Ne2 Bxg3 16. hxg3 0-0 17. Rh4 d5 18. exd5 exd5 19. c5 Rc8 20. b4 a5 21. Bf5 Qe5 22. Rc1 Rc7 23. Rd4 axb4 24. axb4 Ba6 25. Bd3 bxc5 26. bxc5 Re8 27. Kf1 Rxc5 28. Qd1 Rxc1 0-1

[Event "Kaluga Tsiolkovsky Memorial op"]
[Site "Kaluga"]
[Date "2012.08.01"]
[Round "3"]
[White "Kostin, Sergei Anatolievich"]
[Black "Nozdrachev, Vladislav"]
[Result "1-0"]
[WhiteElo "2309"]
[BlackElo "2460"]
[PlyCount "75"]
[EventDate "2012.07.30"]
[EventType "swiss"]
[EventRounds "9"]
[EventCountry "RUS"]
[SourceTitle "EXT 2014"]
[Source "ChessBase"]
[SourceDate "2013.11.20"]
[SourceVersion "1"]
[SourceVersionDate "2013.11.20"]
[SourceQuality "1"]

1. d4 Nf6 2. Nf3 b6 3. c4 e6 4. a3 Bb7 5. Nc3 d5 6. cxd5 Nxd5 7. e3 g6 8. Bb5+ c6 9. Bd3 Bg7 10. h4 c5 11. h5 Nc6 12. Ne4 f5 13. h6 Bf8 14. Neg5 Nc7 15. Bc4 Qf6 16. Bd2 cxd4 17. exd4 0-0-0 18. Qe2 Nxd4 19. Nxd4 Rxd4 20. Bc3 e5 21. Bxd4 exd4 22. Nf7 Bb4+ 23. Kf1 Re8 24. Qd3 Bf8 25. Rd1 Re4 26. f3 b5 27. Ba2 Ba6 28. b4 Be7 29. Kg1 Re6 30. Qxd4 Qxf7 31. Qd7+ Kb8 32. Bxe6 Nxe6 33. Kf2 Nf8 34. Qd5 Qf6 35. Rhe1 Bc8 36. Qxb5+ Ka8 37. Qe8 Qb6+ 38. Kf1 1-0

[Event "Kaluga Tsiolkovsky Memorial op"]
[Site "Kaluga"]
[Date "2007.08.11"]
[Round "8"]
[White "Kostin, Sergei Anatolievich"]
[Black "Provotorov, Alexandr P"]
[Result "1/2-1/2"]
[WhiteElo "2284"]
[BlackElo "2375"]
[PlyCount "89"]
[EventDate "2007.08.03"]
[EventType "swiss"]
[EventRounds "9"]
[EventCountry "RUS"]
[SourceTitle "CBM 119 Extra"]
[Source "ChessBase"]
[SourceDate "2007.09.04"]
[SourceVersion "1"]
[SourceVersionDate "2007.09.04"]
[SourceQuality "1"]

1. d4 Nf6 2. c4 e6 3. Nc3 Bb4 4. e3 c5 5. Nge2 cxd4 6. exd4 d5 7. c5 Ne4 8. Bd2 Nxd2 9. Qxd2 0-0 10. a3 Bxc3 11. Nxc3 b6 12. Be2 Ba6 13. Bxa6 Nxa6 14. Qd3 Nc7 15. 0-0 bxc5 16. dxc5 d4 17. Ne4 Qd5 18. b4 e5 19. Nd6 Ne6 20. f3 Rad8 21. Rfe1 f6 22. Qe4 Rxd6 23. cxd6 Qxd6 24. Rac1 Rd8 25. Qc6 Qe7 26. g3 h5 27. f4 d3 28. Rcd1 d2 29. Re3 Nd4 30. Qc4+ Kh8 31. Kf2 Qd7 32. Rxd2 Qh3 33. Ke1 Rc8 34. Qd3 Rc1+ 35. Rd1 Nc2+ 36. Kd2 Rxd1+ 37. Kxd1 Nxe3+ 38. Qxe3 exf4 39. Qe8+ Kh7 40. Qe4+ g6 41. Qe7+ Kh6 42. Qf8+ Kh7 43. Qf7+ Kh6 44. Qf8+ Kh7 45. Qf7+ 1/2-1/2

[Event "Kaluga Tsiolkovsky Memorial op"]
[Site "Kaluga"]
[Date "2007.08.10"]
[Round "7"]
[White "Vlasov, Andrey"]
[Black "Kostin, Sergei Anatolievich"]
[Result "1/2-1/2"]
[WhiteElo "2262"]
[BlackElo "2284"]
[PlyCount "104"]
[EventDate "2007.08.03"]
[EventType "swiss"]
[EventRounds "9"]
[EventCountry "RUS"]
[SourceTitle "CBM 119 Extra"]
[Source "ChessBase"]
[SourceDate "2007.09.04"]
[SourceVersion "1"]
[SourceVersionDate "2007.09.04"]
[SourceQuality "1"]

1. e4 c5 2. Nf3 d6 3. d4 cxd4 4. Nxd4 Nf6 5. Nc3 a6 6. Be3 e5 7. Nf3 Qc7 8. a4 Be7 9. Be2 0-0 10. 0-0 h6 11. a5 Nbd7 12. Nd2 b5 13. axb6 Nxb6 14. Bxb6 Qxb6 15. Nc4 Qc6 16. Ne3 Be6 17. Ncd5 Bxd5 18. exd5 Qb7 19. Nf5 Rfe8 20. Ra3 Bf8 21. Rg3 g6 22. Rb3 Qa7 23. Ne3 Ne4 24. h4 Reb8 25. Ra3 Rxb2 26. Rxa6 Qb7 27. Rxa8 Qxa8 28. h5 Qa7 29. hxg6 fxg6 30. Bd3 Nf6 31. Ng4 Qf7 32. Nxf6+ Qxf6 33. Qg4 Kg7 34. Ra1 Rb7 35. Ra8 Rf7 36. f3 h5 37. Qg3 Rb7 38. Qxg6+ Qxg6 39. Bxg6 h4 40. Bf5 Be7 41. Kh2 Kf6 42. Be4 Kg5 43. Rh8 Kf4 44. Rh7 Ra7 45. Kh3 Rc7 46. Rg7 Bd8 47. Rxc7 Bxc7 48. Kxh4 Bd8+ 49. Kh5 Kg3 50. Kg6 Bb6 51. Kf5 Bc5 52. Ke6 Ba3 1/2-1/2

[Event "St Petersburg White Nights op"]
[Site "St Petersburg"]
[Date "2007.06.29"]
[Round "5"]
[White "Kostin, Sergei Anatolievich"]
[Black "Chernov, Yury"]
[Result "1/2-1/2"]
[WhiteElo "2284"]
[BlackElo "2254"]
[PlyCount "149"]
[EventDate "2007.06.25"]
[EventType "swiss"]
[EventRounds "9"]
[EventCountry "RUS"]
[SourceTitle "CBM 119 Extra"]
[Source "ChessBase"]
[SourceDate "2007.09.04"]
[SourceVersion "1"]
[SourceVersionDate "2007.09.04"]
[SourceQuality "1"]

1. d4 Nf6 2. c4 e6 3. Nc3 d5 4. cxd5 exd5 5. Bg5 Be7 6. e3 c6 7. Bd3 Nbd7 8. Qc2 Nh5 9. Bxe7 Qxe7 10. Nge2 g6 11. g4 Ng7 12. Ng3 h5 13. gxh5 Nxh5 14. 0-0-0 Ndf6 15. Rde1 Be6 16. e4 dxe4 17. Ngxe4 Nxe4 18. Bxe4 Nf4 19. Kb1 Qd6 20. d5 cxd5 21. Nb5 Qc6 22. Nc7+ Kd7 23. Nxa8 dxe4 24. Qd1+ Nd3 25. f3 Bd5 26. fxe4 Bxe4 27. Rhf1 f5 28. Re3 Qb5 29. Rf2 Rxa8 30. Rd2 Rd8 31. Rdxd3+ Kc7 32. Qc2+ Qc6 33. Rxe4 Rxd3 34. Re7+ Rd7 35. Qe2 Qh1+ 36. Kc2 Qc6+ 37. Kb1 Rxe7 38. Qxe7+ Kb6 39. Qe3+ Kb5 40. Qe5+ Kc4 41. Qe2+ Kd4 42. Qf2+ Kd3 43. Qf1+ Ke3 44. Qe1+ Kd4 45. Qb4+ Ke5 46. Qe7+ Kf4 47. Qh4+ Kf3 48. Qg3+ Ke2 49. a3 Qe4+ 50. Ka2 f4 51. Qg4+ Kd2 52. h4 a5 53. Ka1 a4 54. Ka2 Ke3 55. Qg1+ Kd2 56. Qf2+ Kd3 57. Qf1+ Kd4 58. Qg1+ Ke5 59. h5 gxh5 60. Qg7+ Ke6 61. Qh6+ Kd7 62. Qxh5 f3 63. Qf7+ Kd6 64. Qf8+ Kc6 65. Qc8+ Kb5 66. Qd7+ Kc5 67. Qc7+ Kd4 68. Qc3+ Kd5 69. Qd2+ Kc5 70. Qf2+ Kb5 71. Qd2 Ka6 72. Qd6+ b6 73. Qf8 Kb5 74. Qf6 Ka6 75. Qf8 1/2-1/2

[Event "St Petersburg White Nights op"]
[Site "St Petersburg"]
[Date "2007.06.25"]
[Round "1"]
[White "Klobukov, Sergey"]
[Black "Kostin, Sergei Anatolievich"]
[Result "0-1"]
[WhiteElo "1998"]
[BlackElo "2284"]
[PlyCount "84"]
[EventDate "2007.06.25"]
[EventType "swiss"]
[EventRounds "9"]
[EventCountry "RUS"]
[SourceTitle "CBM 119 Extra"]
[Source "ChessBase"]
[SourceDate "2007.09.04"]
[SourceVersion "1"]
[SourceVersionDate "2007.09.04"]
[SourceQuality "1"]

1. d4 Nf6 2. Nf3 g6 3. Bg5 Bg7 4. Nbd2 0-0 5. e3 d6 6. Bc4 Nbd7 7. 0-0 c5 8. a4 b6 9. c3 Bb7 10. Qe2 a6 11. Rfe1 Qc7 12. h3 Rfe8 13. e4 d5 14. exd5 Nxd5 15. Qd3 e6 16. Nf1 cxd4 17. cxd4 h6 18. Bd2 Nf4 19. Qb3 Rac8 20. Rac1 Qb8 21. Be3 Bxf3 22. gxf3 Nxh3+ 23. Kg2 Nf4+ 24. Bxf4 Qxf4 25. Rcd1 a5 26. Re4 Qd6 27. Bb5 Re7 28. Ne3 Nf6 29. Nc4 Qc7 30. Rh4 g5 31. Rh2 Nd5 32. Rdh1 Nf4+ 33. Kf1 Rd8 34. Qc2 Rxd4 35. Rxh6 Bxh6 36. Rxh6 f5 37. Kg1 Rh7 38. Rxh7 Kxh7 39. Qb3 Rd3 40. Qc2 Rxf3 41. Qd2 Nh3+ 42. Kh1 Nxf2+ 0-1

[Event "St Petersburg White Nights op"]
[Site "St Petersburg"]
[Date "2006.07.01"]
[Round "9"]
[White "Shimanov, Aleksandr"]
[Black "Kostin, Sergei Anatolievich"]
[Result "1-0"]
[WhiteElo "2300"]
[BlackElo "2280"]
[PlyCount "83"]
[EventDate "2006.06.23"]
[EventType "swiss"]
[EventRounds "9"]
[EventCountry "RUS"]
[SourceTitle "CBM 112 Extra"]
[Source "ChessBase"]
[SourceDate "2006.07.14"]
[SourceVersion "1"]
[SourceVersionDate "2006.07.14"]
[SourceQuality "1"]

1. e4 c5 2. Ne2 e6 3. d4 cxd4 4. Nxd4 a6 5. Bd3 Qc7 6. 0-0 Nc6 7. Nxc6 Qxc6 8. b3 b5 9. Bb2 Nf6 10. Nd2 Bb7 11. Qe2 Bb4 12. c4 Bxd2 13. Qxd2 bxc4 14. bxc4 Nxe4 15. Bxe4 Qxe4 16. f3 Qc6 17. Bxg7 Rg8 18. Bd4 Qxc4 19. Rac1 Qd5 20. Rc5 Qd6 21. Qc3 f5 22. Be5 Qb6 23. Bd4 Qd6 24. Be5 Qe7 25. Rd1 Bd5 26. Bf6 Qd6 27. Be5 Qe7 28. Bf6 Qd6 29. Bh4 Rg6 30. Rcxd5 exd5 31. Qh8+ Qf8 32. Qe5+ Kf7 33. Qxd5+ Kg7 34. Qe5+ Kg8 35. Rxd7 Re8 36. Qd5+ Rge6 37. h3 Qb4 38. Qxf5 Re1+ 39. Kh2 R1e7 40. Qg5+ Kh8 41. Rxe7 Qd6+ 42. Qe5+ 1-0

[Event "St Petersburg White Nights op"]
[Site "St Petersburg"]
[Date "2006.06.25"]
[Round "3"]
[White "Eliseev, Alexey"]
[Black "Kostin, Sergei Anatolievich"]
[Result "0-1"]
[WhiteElo "2425"]
[BlackElo "2280"]
[PlyCount "124"]
[EventDate "2006.06.23"]
[EventType "swiss"]
[EventRounds "9"]
[EventCountry "RUS"]
[SourceTitle "CBM 112 Extra"]
[Source "ChessBase"]
[SourceDate "2006.07.14"]
[SourceVersion "1"]
[SourceVersionDate "2006.07.14"]
[SourceQuality "1"]

1. d4 Nf6 2. c4 g6 3. Nc3 Bg7 4. e4 d6 5. f3 0-0 6. Bg5 a6 7. Qd2 c6 8. 0-0-0 b5 9. e5 Ne8 10. f4 Nd7 11. Nf3 bxc4 12. Bxc4 Nb6 13. Bb3 a5 14. exd6 Nxd6 15. Rhe1 Re8 16. Ne5 Qc7 17. f5 a4 18. Nxa4 Rxa4 19. fxg6 hxg6 20. Nxg6 Rc4+ 21. Bxc4 Ndxc4 22. Nxe7+ Rxe7 23. Rxe7 Qxe7 24. Bxe7 Nxd2 25. Kxd2 Bxd4 26. b4 Nc4+ 27. Kd3 Nb2+ 28. Kxd4 Nxd1 29. a4 f5 30. Bg5 Kf7 31. a5 Ke6 32. h4 Nf2 33. h5 Ne4 34. Bh4 Bb7 35. g3 Kf7 36. Ke5 Bc8 37. g4 Nd2 38. Kd6 fxg4 39. Kxc6 Nf3 40. Bg3 Nd4+ 41. Kc7 Ba6 42. Kb6 Be2 43. a6 Nf5 44. a7 Bf3 45. Bf2 g3 46. Bc5 Ng7 47. Bg1 Ne6 48. b5 Kf6 49. Be3 g2 50. Bg1 Kg5 51. Ka5 Kxh5 52. b6 Kg5 53. Kb5 Kf5 54. Bh2 Bb7 55. Kc4 Ke4 56. Bg1 Kf3 57. Kd3 Bd5 58. Kd2 Nf4 59. Bc5 Ke4 60. Kc3 Bc6 61. Bf2 Nh3 62. Bc5 Kf3 0-1

[Event "St Petersburg White Nights op"]
[Site "St Petersburg"]
[Date "2005.06.21"]
[Round "4"]
[White "Truskavetsky, Alexandr"]
[Black "Kostin, Sergei Anatolievich"]
[Result "1-0"]
[WhiteElo "2374"]
[BlackElo "2275"]
[PlyCount "83"]
[EventDate "2005.06.18"]
[EventType "swiss"]
[EventRounds "9"]
[EventCountry "RUS"]
[SourceTitle "CBM 106 Extra"]
[Source "ChessBase"]
[SourceDate "2005.07.01"]
[SourceVersion "1"]
[SourceVersionDate "2005.07.01"]
[SourceQuality "1"]

1. d4 Nf6 2. c4 g6 3. Nc3 Bg7 4. e4 d6 5. Nf3 0-0 6. Be2 e5 7. 0-0 Nbd7 8. Re1 c6 9. Bf1 Qe7 10. Rb1 Rd8 11. d5 h6 12. b4 Nf8 13. a4 cxd5 14. cxd5 N6h7 15. Be3 f5 16. Nb5 fxe4 17. Nd2 Nf6 18. Bxa7 Bf5 19. Rb2 h5 20. Nc4 N8d7 21. Ncxd6 Bg4 22. Qb3 Kh7 23. Nxb7 Rdc8 24. Be3 Nb6 25. N7d6 Rcb8 26. Bxb6 Rxb6 27. Nxe4 Nxe4 28. Rxe4 Bf5 29. d6 Qg5 30. Re3 e4 31. Rc2 Rf8 32. Qd5 Qf6 33. a5 Be6 34. Qc5 Rbb8 35. a6 Qa1 36. Rxe4 Bf5 37. Rc1 Qxa6 38. Re7 Kh8 39. Nd4 Qa2 40. Rxg7 Kxg7 41. Qe5+ Kg8 42. Bc4+ 1-0

[Event "RUS Central Region-ch"]
[Site "Tula"]
[Date "2004.03.21"]
[Round "8"]
[White "Mishin, Alexei"]
[Black "Kostin, Sergei Anatolievich"]
[Result "1/2-1/2"]
[WhiteElo "2349"]
[BlackElo "2298"]
[PlyCount "139"]
[EventDate "2004.03.14"]
[EventType "swiss"]
[EventRounds "9"]
[EventCountry "RUS"]
[SourceTitle "EXT 2005"]
[Source "ChessBase"]
[SourceDate "2004.11.15"]
[SourceVersion "1"]
[SourceVersionDate "2004.11.15"]
[SourceQuality "1"]

1. d4 Nf6 2. Bg5 Ne4 3. Bf4 c5 4. f3 Nf6 5. d5 d6 6. e4 g6 7. Qd2 Nbd7 8. c4 a6 9. Nc3 Qa5 10. Nh3 Bg7 11. Nf2 b5 12. cxb5 0-0 13. bxa6 Bxa6 14. Bh6 Bxh6 15. Qxh6 Rfb8 16. Qd2 Bxf1 17. Rxf1 Ne5 18. Nfd1 Rb4 19. Kf2 Qb6 20. Rb1 c4+ 21. Kg3 Nh5+ 22. Kh3 Nd3 23. g3 Rb8 24. b3 Qd4 25. Qe3 Qxe3 26. Nxe3 cxb3 27. Rxb3 Rxb3 28. axb3 Rxb3 29. Ned1 Nf6 30. Ne2 Rb4 31. Ndc3 Nd7 32. Ra1 N7e5 33. f4 Nf3 34. Kg2 Nfe1+ 35. Kf1 Nc2 36. Ra7 Kf8 37. Ra2 Ne3+ 38. Kg1 Nc5 39. e5 Nc4 40. Ra8+ Kg7 41. Rc8 Na4 42. Nxa4 Rxa4 43. Rc7 dxe5 44. Rxe7 Kf6 45. Rc7 exf4 46. Nxf4 Ne5 47. Rc3 Rd4 48. h4 h6 49. Kf2 Kf5 50. Ke2 g5 51. hxg5 hxg5 52. Ng2 Ke4 53. Ne3 g4 54. d6 Rxd6 55. Nc4 Nxc4 56. Rxc4+ Rd4 57. Rc7 f6 58. Rc6 Ke5 59. Rc5+ Rd5 60. Rc4 Rd4 61. Rc5+ Kd6 62. Ra5 Rd5 63. Ra4 f5 64. Ke3 Ke5 65. Ra8 Rb5 66. Re8+ Kf6 67. Rf8+ Kg6 68. Rg8+ Kf7 69. Ra8 Kf6 70. Rg8 1/2-1/2

[Event "RUS Central Region-ch"]
[Site "Tula"]
[Date "2004.03.18"]
[Round "5"]
[White "Kostin, Sergei Anatolievich"]
[Black "Olenin, Nikolay"]
[Result "1/2-1/2"]
[WhiteElo "2298"]
[BlackElo "2454"]
[PlyCount "68"]
[EventDate "2004.03.14"]
[EventType "swiss"]
[EventRounds "9"]
[EventCountry "RUS"]
[SourceTitle "EXT 2005"]
[Source "ChessBase"]
[SourceDate "2004.11.15"]
[SourceVersion "1"]
[SourceVersionDate "2004.11.15"]
[SourceQuality "1"]

1. d4 Nf6 2. c4 e6 3. Nc3 Bb4 4. e3 c5 5. Nge2 b6 6. a3 Ba5 7. Ng3 Bb7 8. Rb1 Bxc3+ 9. bxc3 Ne4 10. Qc2 f5 11. f3 Nxg3 12. hxg3 0-0 13. g4 g6 14. gxf5 exf5 15. d5 d6 16. Qf2 Nd7 17. Be2 Ba6 18. Qg3 Qf6 19. 0-0 Rae8 20. Qf4 Ne5 21. e4 fxe4 22. fxe4 Qxf4 23. Bxf4 Nf7 24. Bd3 h6 25. a4 g5 26. Bh2 Ne5 27. Bxe5 Rxf1+ 28. Rxf1 dxe5 29. a5 Kg7 30. Ra1 Ra8 31. Kf2 h5 32. Ke3 Kf6 33. Be2 g4 34. g3 Kg6 1/2-1/2

[Event "RUS Central Region-ch"]
[Site "Tula"]
[Date "2004.03.17"]
[Round "4"]
[White "Klyashtorny, Vladislav"]
[Black "Kostin, Sergei Anatolievich"]
[Result "0-1"]
[WhiteElo "2233"]
[BlackElo "2298"]
[PlyCount "88"]
[EventDate "2004.03.14"]
[EventType "swiss"]
[EventRounds "9"]
[EventCountry "RUS"]
[SourceTitle "EXT 2005"]
[Source "ChessBase"]
[SourceDate "2004.11.15"]
[SourceVersion "1"]
[SourceVersionDate "2004.11.15"]
[SourceQuality "1"]

1. e4 c5 2. Nf3 d6 3. d4 cxd4 4. Nxd4 Nf6 5. Nc3 a6 6. Bg5 e6 7. f4 h6 8. Bh4 Be7 9. Qf3 Qc7 10. 0-0-0 Nbd7 11. Be2 b5 12. f5 e5 13. Ne6 fxe6 14. fxe6 Nb6 15. Bxf6 gxf6 16. Rxd6 Qxd6 17. Qh5+ Kd8 18. Rd1 Qxd1+ 19. Bxd1 Bxe6 20. Bg4 Bxg4 21. Qxg4 Kc7 22. Qe6 Rhe8 23. a4 bxa4 24. Nd5+ Nxd5 25. exd5 Bd6 26. Qxf6 Rad8 27. c4 Kb6 28. Qf2+ Bc5 29. Qc2 a3 30. bxa3 Bxa3+ 31. Kd1 Bc5 32. Qg6+ Ka7 33. Qc6 Rc8 34. Qd7+ Kb6 35. Ke2 e4 36. Qg7 e3 37. Qxh6+ Kb7 38. d6 Kc6 39. d7+ Kxd7 40. Qxa6 Rb8 41. Qa4+ Kd6 42. Qa6+ Rb6 43. Qa1 Rf8 44. Qg7 Rb2+ 0-1

[Event "St Petersburg White Nights op"]
[Site "St Petersburg"]
[Date "2004.??.??"]
[Round "8"]
[White "Kostin, Sergei Anatolievich"]
[Black "Bistrikova, Elena V"]
[Result "1-0"]
[WhiteElo "2298"]
[BlackElo "2185"]
[PlyCount "83"]
[EventDate "2004.06.??"]
[EventType "swiss"]
[EventRounds "9"]
[EventCountry "RUS"]
[SourceTitle "CBM 100 Extra"]
[Source "ChessBase"]
[SourceDate "2004.07.06"]
[SourceVersion "2"]
[SourceVersionDate "2004.07.06"]
[SourceQuality "1"]

1. d4 d5 2. c4 e6 3. Nf3 c6 4. e3 Nf6 5. Bd3 Nbd7 6. Nbd2 Be7 7. 0-0 0-0 8. e4 dxe4 9. Nxe4 Nxe4 10. Bxe4 c5 11. Bc2 h6 12. Qd3 Nf6 13. Bf4 cxd4 14. Be5 Re8 15. Bxd4 b6 16. Ne5 Bb7 17. Qe3 Qc7 18. Rad1 Rac8 19. Ba4 Red8 20. a3 Rd6 21. b4 Ba8 22. Kh1 Rcd8 23. f3 Rc8 24. Rc1 Rdd8 25. Rfe1 Nh7 26. Nxf7 Kxf7 27. Qxe6+ Kf8 28. Bc2 Ng5 29. Bxg7+ Kxg7 30. Qg6+ Kf8 31. Qxh6+ Kg8 32. Qg6+ Kf8 33. Qh6+ Kg8 34. Re6 Rd6 35. Qg6+ Kf8 36. Rxd6 Qxd6 37. Qf5+ Kg7 38. Qxc8 Qf4 39. Re1 Bd6 40. Qd7+ Kh6 41. Re6+ Nxe6 42. Qh7+ 1-0